Power and persuasion : fiestas and social control in rural Mexico /

Bibliographic Details
Main Author: Brandes, Stanley H.
Format: Book
Language:English
Published: Philadelphia : University of Pennsylvania Press, [1988]
Subjects:

MARC

Tag First Indicator Second Indicator Subfields
LEADER 00000cam a2200000 a 4500
001 in00000018393
005 20151007053229.0
008 870807s1988 paua b 00110 eng
010 |a  87019205  
020 |a 0812280776 
020 |a 0812212533 (pbk.) 
035 |a (OCoLC)16524725 
035 |9 AAB0884AM 
040 |a DLC  |c DLC  |d TXA  |d UtOrBLW 
043 |a n-mx--- 
049 |a TXAM  |c [A11465189] 
050 0 0 |a GT4814.T95  |b B7 1988 
082 0 |a 394.2/6972/37  |2 19 
100 1 |a Brandes, Stanley H. 
245 1 0 |a Power and persuasion :  |b fiestas and social control in rural Mexico /  |c Stanley Brandes. 
264 1 |a Philadelphia :  |b University of Pennsylvania Press,  |c [1988] 
264 4 |c ©1988 
300 |a 212 pages :  |b illustrations ;  |c 24 cm. 
336 |a text  |b txt  |2 rdacontent 
337 |a unmediated  |b n  |2 rdamedia 
338 |a volume  |b nc  |2 rdacarrier 
504 |a Bibliography: pages [189]-201. 
500 |a Includes index. 
650 0 |a Festivals  |z Mexico  |z Tzintzuntzan. 
650 0 |a Social control  |x Case studies. 
651 0 |a Tzintzuntzan (Mexico)  |x Social life and customs. 
650 0 |a Tarasco Indians  |x Social life and customs. 
650 0 |a Indians of Mexico  |x Social life and customs. 
999 |a MARS 
999 f f |s 6b51851b-e93c-304b-ae79-c4c4a5d27d62  |i 578578f0-e2e6-3c3c-bd9b-6af5e38d45b8  |t 0 
952 f f |p ric  |a Texas A&M University  |b Rellis Campus  |c Joint Library Facility  |d Remote Storage  |t 0  |e GT4814.T95 B7 1988  |h Library of Congress classification  |i unmediated -- volume  |m A14811465189 
998 f f |a GT4814.T95 B7 1988  |t 0  |l Remote Storage